00584nam a2200193Ia 4500008004100000040001900041041001200060082002400072245002300096260004800119300002500167504001900192650001400211651002500225850001800250942000700268999001700275952009800292131103s9999 xx 000 0 und d aLoreto College aEnglish a372/PRIbLCBED/1622 aPrimary education  aLondonbHer Majesty Stationery Officec1959 axiii,,334p. c 20cm. aIncludes index aEducation aElementary education aLCBED/372/PRI cBK c26332d76811 00104070aMAINbMAINd2013-11-04l0o372/PRI LCBED/1622pB29172r2013-11-04w2013-11-04yBK